| 000 | 00787nam a22002172 4500 | ||
|---|---|---|---|
| 001 | 0000021598 | ||
| 005 | 20151217155910.0 | ||
| 008 | 120807s xx 000 0 eng d | ||
| 040 |
_aKABU _cKABU |
||
| 240 | 1 | 0 |
_a50th Anniversary Conference _d2009 |
| 245 | 1 | 0 |
_a50th anniversary conference report 2009 : _btorture as a transitional justice issue : options for transitional justice in post conflict African societies. |
| 250 | _a1st ed. | ||
| 260 |
_aNairobi : _bICJ Kenya, _c2010. |
||
| 300 | _a58 p. | ||
| 650 | 0 |
_aCriminal justice, Administration of _zKenya. _@0000182548 |
|
| 650 | 0 |
_aTorture _zKenya. _@0000170219 |
|
| 650 | 0 |
_aLaw enforcement _zKenya. _@0000182180 |
|
| 852 | 1 | _9p400 KES | |
| 908 | _a120807 | ||
| 950 | _@1 | ||
| 999 |
_c13845 _d13845 |
||